| 000 | 01186nam a2200253 a 4500 | ||
|---|---|---|---|
| 001 | BRCA_9013 | ||
| 005 | 20190320210507.0 | ||
| 008 | 200717s1778----sp-a######---#000-0#spa-# | ||
| 041 | _aspa | ||
| 044 | _asp | ||
| 084 |
_aLE17 _b.D53 1778 |
||
| 100 | 1 |
_aDíaz de Guereñu , Pedro _922357 |
|
| 245 | 1 | 0 |
_aAño panegyrico, ó sermones escogidos panegíricos, para los principales misterios de Jesu-Christo nuestro Redentor, y festividades de su Santísima Madre, y Santos que celebra la Iglesia _brepartidos por los meses del año: sacados de los más clásicos autores _cpor el Padre Don Pedro Días de Guereñu; tomo quinto; contiene los meses de septiembre, y octubre. |
| 260 |
_aMadrid _bPor Pedro Marin _c1778 |
||
| 300 |
_a[2], 364 p. (t.5) _c21.2 x 15.5 cm |
||
| 500 | _aCon licencia | ||
| 500 | _aEstado físico: presenta encuadernación en pergamino | ||
| 500 | _aEn portada: Se hallara en la Librería de Juan de Llera, Plazuela del Ángel, juntó a la Nevería | ||
| 505 | 0 | _aContiene los meses de septiembre, y octubre. | |
| 650 | 1 | 4 |
_aSermones españoles _yObras anteriores a 1800 _921577 |
| 700 | 1 |
_aLlera, Juan de _elibrero _922358 |
|
| 902 | _aCFM | ||
| 942 |
_2lcc _cB |
||
| 999 |
_c8664 _d8664 |
||